Personnages de F is for Family par images - Statistiques

Statistiques générales
  • Ce quiz a été pris 14 fois
  • Le résultat moyen est 7 sur 16
Statistiques - réponses
Par images Réponse % Correct
Frank Murphy
89%
Kevin Murphy
78%
Sue Murphy
78%
Bill Murphy
67%
Maureen Murphy
67%
Vic Reynolds
44%
William Murphy
44%
Bob Pogo
33%
Goomer
33%
Philipp Bonfiglio
33%
Vivian Saunders
33%
Chet Stevenson
22%
Ginny Throater
22%
Major
22%
Otto Holtenwasser
22%
Rosie Roosevelt
22%
Aucun quiz correspondant
Distribution des résultats
% des personnes avec chaque résultat
Percentile par nombre de réponses
Votre historique - résultats
Vous n’avez pas pris ce quiz